000 00428nam a2200157Ia 4500
008 140609s9999 xx 000 0 und d
020 _a9718845100
050 _aPR 9550.9
_b.J67 1984
100 _aJose, F. Sionil.
245 _aPo-on :
_ba novel /
_cF. Sionil Jose
260 _aManila, Philippines :
_bSolidaridad Pub. House,
_cc1984.
300 _a231 p. ;
_c22 cm.
521 _aGE
942 _kLOC
_cBK
999 _c117886
_d117886